Tuổi cập kê Tiểu thuyết
v.v...
Đã lưu trong:
| Tác giả chính: | |
|---|---|
| Định dạng: | Sách |
| Năm xuất bản: |
H.
Phụ nữ
1997
|
| Chủ đề: | |
| Tags: |
Thêm thẻ
Không có thẻ, Hãy là người đầu tiên gắn thẻ bản ghi này!
|
| LEADER | 00771nam a2200181 4500 | ||
|---|---|---|---|
| 082 | |a 843 |b C435L | ||
| 100 | |a Cotlette | ||
| 245 | |a Tuổi cập kê |c Cotlette; Lê Việt Liên dịch |b Tiểu thuyết | ||
| 260 | |a H. |b Phụ nữ |c 1997 | ||
| 300 | |a 178 tr. |c 19 cm. | ||
| 520 | |a v.v... | ||
| 653 | |a Văn học hiện đại | ||
| 653 | |a Pháp | ||
| 653 | |a Tiểu thuyết | ||
| 942 | |2 ddc |c STK0 | ||
| 999 | |c 1771 |d 1771 | ||
| 952 | |0 0 |1 0 |2 ddc |4 0 |6 843_000000000000000_C435L |7 1 |8 800 |9 28528 |a qbu |b qbu |c D5 |d 2014-12-10 |g 14000 |o 843 C435L |p 1177.c1 |r 0000-00-00 |w 2014-12-10 |y STK0 |0 0 |6 843_000000000000000_C435L | ||
| 952 | |0 0 |1 0 |2 ddc |4 0 |6 843_000000000000000_C435L |7 0 |8 800 |9 28529 |a qbu |b qbu |c D5 |d 2014-12-10 |g 14000 |o 843 C435L |p 1177.c2 |r 0000-00-00 |w 2014-12-10 |y STK0 |0 0 |6 843_000000000000000_C435L | ||